Pintura italiana del S. XVII en España / (Record no. 119973)

MARC details
000 -LEADER
campo de control de longitud fija 00604nam a2200181 4500
001 - NÚMERO DE CONTROL
campo de control 119973
003 - IDENTIFICADOR DE NÚMERO DE CONTROL
campo de control ES-MaACL
005 - FECHA Y HORA DE LA ÚLTIMA TRANSACCIÓN
campo de control 20250729063218.0
007 - CAMPO FIJO DE DESCRIPCIÓN FÍSICA--INFORMACIÓN GENERAL
campo de control de longitud fija t|
008 - DATOS DE LONGITUD FIJA--INFORMACIÓN GENERAL
campo de control de longitud fija 070214s1965 sp r ||||1| spa d
100 1# - ENTRADA PRINCIPAL--NOMBRE DE PERSONA
Nombre de persona Pérez Sánchez, Alfonso E.,
Fechas asociadas al nombre 1935-2010
9 (RLIN) 240883
245 10 - MENCIÓN DEL TÍTULO
Título Pintura italiana del S. XVII en España /
Mención de responsabilidad, etc. Alfonso Pérez Sánchez.
260 ## - PUBLICACIÓN, DISTRIBUCIÓN, ETC.
Lugar de publicación, distribución, etc. Madrid :
Nombre del editor, distribuidor, etc. Universidad. Fundación Valdecilla,
Fecha de publicación, distribución, etc. 1965.
300 ## - DESCRIPCIÓN FÍSICA
Extensión 619 p., 253 lám. ;
Dimensiones 24 cm.
710 2# - ENTRADA AGREGADA--NOMBRE DE ENTIDAD CORPORATIVA
Nombre de entidad corporativa o nombre de jurisdicción como elemento de entrada Universidad.
Unidad subordinada Fundación Valdecilla.
9 (RLIN) 7379
852 ## - LOCALIZACIÓN
Ubicación ES-MaACL
Número de control de estantería C-37971
Sublocalización o colección R.72980
Holdings
Estatus retirado Estado de pérdida Estado de daño No para préstamo Biblioteca de origen Biblioteca actual Ubicación en estantería Fecha de adquisición Fuente de adquisición Total de préstamos Signatura topográfica completa Código de barras Visto por última vez Precio de reemplazo Tipo de ítem Koha
        Biblioteca del Ateneo de Madrid Biblioteca del Ateneo de Madrid Depósito 2 17/01/2008     C-37971 1125052 23/02/2023 23/02/2023 Libro impreso